|
|
|
|
| LEADER |
00000nas a2200000 a 4500 |
| 001 |
ssj0012117 |
| 003 |
WaSeSS |
| 005 |
20200512172242.0 |
| 006 |
m d |
| 007 |
cr n |
| 008 |
001003c19629999miuqr p s 0 a0eng c |
| 010 |
|
|
|a 2005212507
|
| 016 |
|
|
|a 000022798239
|2 AU
|
| 022 |
|
|
|a 1558-7266
|l 0026-2420
|y 0026-2420
|
| 035 |
|
|
|a (WaSeSS)ssj0012117
|
| 037 |
|
|
|b Scholarly Pub. Office, 300 Hatcher North, University of Michigan, Ann Arbor, MI 48109-1205
|
| 040 |
|
|
|a HNK
|b eng
|c HNK
|d OCLCQ
|d NSD
|d LGG
|d BUF
|d OCLCQ
|d DLC
|d CUS
|d OCLCQ
|d OCLCF
|d VT2
|d OCLCQ
|d AU@
|d WaSeSS
|
| 042 |
|
|
|a nsdp
|a pcc
|
| 050 |
1 |
4 |
|a AS30
|b .M48
|
| 082 |
1 |
0 |
|a 051
|2 13
|
| 130 |
0 |
|
|a Michigan quarterly review (Online)
|
| 222 |
|
0 |
|a Michigan quarterly review
|b (Online)
|
| 245 |
1 |
0 |
|a Michigan quarterly review
|h [electronic resource].
|
| 260 |
|
|
|a Ann Arbor, MI :
|b University of Michigan, Scholarly Pub. Office
|
| 362 |
1 |
|
|a Print began with v. 1 (Jan. 1962).
|
| 506 |
|
|
|a License restrictions may limit access.
|
| 538 |
|
|
|a Mode of access: World Wide Web.
|
| 580 |
|
|
|a Continues: Michigan alumnus. Quarterly review (a regular numbered issue of Michigan alumnus).
|
| 588 |
|
|
|a Description based on: Vol. 37, issue 2 (spring 1998); title from title information screen (viewed Sept. 12, 2000).
|
| 588 |
|
|
|a Latest issue consulted: Vol. 48, no. 2 (spring 2009) (Literature Online, viewed Sept. 22, 2009).
|
| 650 |
|
0 |
|a Literature
|v Periodicals.
|
| 650 |
|
7 |
|a Literature.
|2 fast
|0 (OCoLC)fst00999953
|
| 655 |
|
0 |
|a Electronic journals.
|
| 710 |
2 |
|
|a University of Michigan.
|
| 776 |
0 |
8 |
|i Print version:
|t Michigan quarterly review
|x 0026-2420
|w (DLC) 67000232
|w (OCoLC)1757375
|
| 780 |
1 |
0 |
|t Michigan alumnus. Quarterly review
|
| 780 |
1 |
1 |
|t Michigan alumnus
|
| 856 |
4 |
0 |
|z Full text available from Research Library: 04/01/1999 to present
|u https://search.proquest.com/publication/1975
|